J'aime les gemmes - Statistiques

Statistiques générales
  • Ce quiz a été pris 8 fois
  • Le résultat moyen est 18 sur 24
Statistiques - réponses
Hint Réponse % Correct
Prénom de la créatrice d'Hercule Poirot Agate
100%
La Grande Barrière en est composée Corail
100%
Présente dans la dénomination donnée lorsqu'un CD se vend à 500 000 exemplaires Diamant
100%
Présente dans le nom d'une base navale états-unienne victime d'une attaque durant la seconde Guerre Mondiale Perle
100%
Présente dans le nom donné à la traduction française de bubble tea Perle
100%
Prénom de l'héroïne d'une série policière de M. C. Beaton, figure de proue du cosy mystery Agate
88%
Présente dans le titre d'un des films James Bond Diamant
88%
Lucy in the Sky with ... - The Beatles Diamant
88%
Nom donné à la côte allant de Cancale au Cap Fréhel Émeraude
88%
Nom donné au jeu vidéo Pokémon dont la mascotte est Rayquaza Émeraude
88%
Couleur faisant partie du champ chromatique de l'orange Corail
75%
Présente dans le nom de la ville la plus peuplée du Sud-Ouest de la Floride : Cape ... Corail
75%
Monnaie utilisée dans Minecraft pour les échanges avec les villageois Émeraude
75%
Nom donné à la capitale du pays d'Oz dans Le Magicien d'Oz Émeraude
75%
Présente dans le nom du navire de Jack Sparrow Perle
75%
Qualificatif donné à des serpents très venimeux Corail
63%
Terme utilisé en cuisine pour désigner les gonades de certains mollusques Corail
63%
Nom de famille d'un auteur-compositeur-interprète d'un Neil ayant créé Sweet Caroline Diamant
63%
Nom donné aux noces de 60 ans de mariage Diamant
63%
Présente dans le titre d'une des oeuvres les plus connues de Johannes Vermeer Perle
63%
L'onyx en est une variété Agate
38%
Présente dans le nom du fleuve passant à Canton Perle
38%
Nom donné à un type de bille des plus courants Agate
25%
Présente dans la saga littéraire d'heroic fantasy la plus connue d'Anne Robillard Émeraude
25%
Aucun quiz correspondant
Distribution des résultats
% des personnes avec chaque résultat
Percentile par nombre de réponses
Votre historique - résultats
Vous n’avez pas pris ce quiz